แสดงรายละเอียดบรรณานุกรม
  กลับหน้าหลัก

Brief Record : Get Marc (ISO 2709) : E-mail record : QR code ปิดหน้าต่าง
LEADER 00000nam 2200000uu 4500
001    206251
003     ULIBM
008    110809s2552||||th 000 0 tha d
024    978-616-90251-0-8
060  0 WZ 18 จ111 2552.
245 00 ^aเจ้าเป็นไผ 2 เคารพในความแตกต่างหลากหลายของชีวิตคนธรรมดาสามัญ.
250    ^aพิมพ์ครั้งที่ 1.
260    ^aบุรีรัมย์ : ^bมหาชีวาลัยอีสาน,^c2552.
300    ^aจำนวน 189 หน้า ;^bภาพประกอบ.
650  0 ^aบทเรียนชีวิต.
650  0 ^aการเรียนรู้ - - ชีวประวัติบุคคล.
710 1  ^aมหาชีวาลัยอีสาน.
999    ^aใช้งานได้ทุกระบบ
รายการนี้ยังไม่มีแท็ก
คุณยังไม่ได้ล็อกอิน คุณสามารถมีกิจกรรมร่วมกับเว็บไซต์ได้ แต่ต้องล็อกอินก่อน ::
  ล็อกอิน
ลำดับที่ ประเภท เลขเรียก สถานที่ สถานะ
1. หนังสือทั่วไป
หนังสือทั่วไป
WZ 18 จ111 2552.  
  
หนังสือทั่วไป On Shelf
  ขอยืม
   [แสดง 1/1 รายการ]

BibComment


ยังไม่เคยถูกคอมเมนท์

คอมเมนท์ทรัพยากรรายการนี้
  คอมเมนท์: เจ้าเป็นไผ 2 เคา..
Bib 206251

 
 
 

 Union Library Management : ULibM
Copyright 2026. All Rights Reserved.
скачать бесплатно без регистрации порно красивый секс HD Sex Hindi sex

xxx gou

xxxx

bfxxx

xxxwww

Секса Видео

xxxx

Секса Видео

detube

geilexxx

C99 Shell

worms shell

blod xxx video
Ebony Coed Rihanna Rimes Takes A Dick In Her Young Twat priyaa indian fuck anal and pusssy hardcore indian women xxx desi hardcore fucking part 1 bengalixxxcouple